MDQL
is popping MORE tags! Check the
thread
!
Quizzes
Events
Quiz Creation
Community
Videos
Private Events
Remove Ads
Sign In
Join for FREE
Feedback
Dark Mode
Quiz Categories
Sports
Geography
Music
Movies
Television
Just For Fun
Miscellaneous
History
Literature
Language
Science
Gaming
Entertainment
Religion
Holiday
For Kids
Quiz Lab
Recent
Popular Today
Quiz Kudos Today
Editor Picks
Curator Picks
Quizzes by...
Day
Popularity
Type
Ratings
Length
Year
Community
Subscriptions
Recent Discussions
Orange Saloon
Badges
Playlists
Quests
Create
Leaderboards
Showdown
Live 5
Trivia Bingo
Activity
Puzzle Library
Sporcle Events
Private Events
Virtual Trivia
Globe League
Become a Host
Pub Owners
SporcleCon
Opinionation
Our Games
Videos
Blog
Mobile Apps
Partnerships
Remove Ads and Go Orange
Feedback
Music
Pop Music
The Beatles
Song
Album
Lyrics
Bands
Singers
Artist
Clip
Rock
Rap
Classical
Billboard
Country Music
Kpop
Taylor Swift
Music
Pop Music
The Beatles
Song
Album
Lyrics
Bands
Singers
Artist
Clip
Rock
Rap
Classical
Billboard
Country Music
Kpop
Taylor Swift
Random Quiz
Search Sporcle
×
Quiz Lab
Quiz Lab
Music
Song
Type in answers that appear in a list
Type in answers that appear in a list
Classic
Best Score? Go Orange.
Linkin Park Singles Stats
Can you name the singles released by Linkin Park?
By
smreidy113
4m
21 Questions
375 Plays
375 Plays
375 Plays
Comments
Comments
Give Quiz Kudos
Give Quiz Kudos
-
- Ratings
hide this ad
More Info
Replay
Link that replays current quiz
Next Quiz
Link to next quiz in quiz playlist
You Got
0%
They Got
Avg Score
66%
Avg Friend Score
Upgrade to see
Score Distribution
Jump to the score distribution portion of the page
Score
0/21
Timer
04:00
0
Plays Today
Year
Song
% Correct
Hybrid Theory
In The End
90.1%
Meteora
Numb
90.1%
Hybrid Theory
Crawling
80.5%
Transformers: Revenge of the Fallen
New Divide
79.5%
Minutes to Midnight
What I've Done
77.6%
Hybrid Theory
One Step Closer
75.5%
Hybrid Theory
Papercut
74.9%
Meteora
Faint
72.3%
Minutes to Midnight
Bleed it Out
70.4%
Meteora
Breaking the Habit
69.1%
Meteora
Somewhere I Belong
68.5%
Year
Song
% Correct
A Thousand Suns
The Catalyst
68%
Minutes to Midnight
Shadow of the Day
61.9%
Minutes to Midnight
Given Up
59.5%
Collision Course*
Numb/Encore
58.4%
Minutes to Midnight
Leave Out All the Rest
57.9%
Reanimation
Pts.OF.Athrty
55.2%
A Thousand Suns
Waiting for the End
51.7%
Meteora
From the Inside
50.7%
Meteora
Lying From You
45.1%
Hybrid Theory
Runaway
40.8%
Quiz Playlist
Details
Report
Send in Message
Add To Playlist
More Info:
* - Joint Effort
Classic:
Type in answers that appear in a list
Quiz Source
Last Updated: Feb 16, 2017
Quiz Scoreboard
CHALLENGE
Sign Up to Join the Scoreboard
Show All
Scores
Hide
Comments
May contain spoilers
Recently Published
5x2 Blitz: Bands
by SL_Kpop136
Music
30s
Colored Red Africa Blitz
by spor1
Geography
30s
Find the 'City' Movie
by crazypaving
Movies
60s
More to Explore
Quiz From the Vault
Featured Blog Post
14 Easter Pick-up Lines to Find Eggs With
hide this ad
You Might Also Like...
Tags
Bands Quiz
Rock Quiz
Song Quiz
Alternative
Alternative Music
linkin
Linkin Park
metal
punk
Single
Today's Top Quizzes in Music
Browse Music
hide this ad
Today's Top Quizzes in Song
Browse Song
Top Contributed Quizzes in Music
1
5X2 Blitz: Bands II
2
5X2 Blitz: The Beatles
3
Taylor Swift All Songs (2024)
4
5X2 Blitz: Billboard
5
Taylor Swift Logic Puzzle II
6
5X2 Blitz: Billboard II
7
Taylor Swift Logic Puzzle
8
5X2 Blitz: Rock
9
5X2 Blitz: Singers
10
5X2 Blitz: Album
Explore More
Trending Topics
Kpop
Crossword
NBA
Marvel
Anime
Harry Potter
Disney
Country
The Office
Puzzle
WWE
NFL
Pokémon
Song
Soccer
hide this ad
More By:
smreidy113
Quiz
Plays
Rating
Category
Featured
Created
Geography Chain Grab Bag
437,585
4.13
Geography
Aug 7, 2010
Minecraft Crafting
392,013
4.37
Gaming
Aug 4, 2011
Flags with 3 Stripes
195,798
4.43
Geography
Jul 13, 2010
Country-ish Quiz
140,873
4.45
Geography
Jan 30, 2011
Wrestler or Supervillain?
120,309
3.47
Entertainment
Aug 3, 2011
Go to Creator's Profile
Score Distribution
Quiz Creator Spotlight
smreidy113
Follow
Send a Message
Quizzes Created
-
Created Quiz Play Count
-
More By This Creator
Popular Quizzes Today
1
Colored Red Africa Blitz
2
Find the 'City' Movie
3
Find the US States - No Outlines Minefield
4
5x2 Blitz: Bands
5
The Countries of the World
6
Find the US States
7
Find the Countries of Europe - No Outlines Minefield
8
US States
More Music Quizzes
K-Pop Albums with Yellow Covers
Quiz Lab
Trending Quizzes
Colored Red Europe Blitz I
Colored Red Europe Blitz II
Colored Red Africa Blitz II
Colored Red Europe Blitz III
Colored Red Africa Blitz III
Recently Updated
How Do You Spell That?
pecheneg
Godzilla Movies
pecheneg
Grab Bag: 4-10 Letters
pecheneg
2024 March Madness Bracket
pecheneg
Famous TV Couples
Peacemaker
Champions League XIs: Real Madrid
pecheneg
Largest US Cities 1790-2010
pecheneg
Rides in Walt Disney World
pecheneg
Most Oscar Losses (Acting)
pecheneg
Beyoncé Albums
pecheneg
Trending Topics
NBA
Harry Potter
Crossword
Marvel
Kpop
Disney
Anime
Country
Song
Soccer
Puzzle
NFL
WWE
Pokémon
The Office
Your Account Isn't Verified!
In order to create a playlist on Sporcle, you need to verify the email address you used during registration. Go to your
Sporcle Settings
to finish the process.
Report this User
Report this user for behavior that violates our
Community Guidelines
.
Details:
Send Report
Go to the Sporcle.com Mobile Site →
Comments